000 00558nam a2200181Ia 4500
008 100917s9999 xx 000 0 und d
082 _b10937
100 _aश्रोत्रयि वि. कृ.
245 _aमुलांची गीता
260 _bश्रोत्रयि प्रकाशन
_c1971
300 _a116
365 _b3
520 _aबालविभाग
630 _aमुलांची गीता
650 _aबालविभाग
730 _aमुलांची गीता
942 _cBOOK
999 _c616331
_d616328